Normal view
MARC view
Entry Personal Name
001 - CONTROL NUMBER
- control field: 55648
003 - CONTROL NUMBER IDENTIFIER
- control field: MaObMVR
005 - DATE AND TIME OF LATEST TRANSACTION
- control field: 20260407141216.0
008 - FIXED-LENGTH DATA ELEMENTS
- fixed length control field: 260407|| aca||aabn | a|a d
040 ## - CATALOGING SOURCE
- Original cataloging agency: MaObMVR
- Transcribing agency: MaObMVR
100 ## - HEADING--PERSONAL NAME
- Personal name: Bermudez, Alyssa
- General subdivision: Childhood and youth
670 ## - SOURCE DATA FOUND
- Source citation: Work cat.: (MaObMVR)129592: Bermudez, Alyssa, author, illustrator. 55647, Run home /
